01303nam a2200253 a 450000100100000000500170001000800410002702000180006804000250008608200180011110000220012924500410015126000410019230000360023352003430026960000510061265000750066365000340073865000380077265100690081091000370087995201160091699900170103200003832520250612105738.0130408s2004 dr a 000 0 spa d a9789945120745 aDO-SdBNPbspacBNPHU a949.2bF828di1 aFrank, Ana95114913aEl diario de Ana Frank /cAna Frank. aSanto Domingo :bSusaeta ,c[s. f.]. a264 p. :bil., retrs. ;c21 cm. aEste el diario de una niña judía, quien sufrió la persecución de los nazis alemanes. Ana y otras siete personas vivieron escondidas durante dos años temiendo que la Gestapo los descubriera. Durante todo este tiempo, la pequeña Ana llevó un diario. En sus páginas plasmó todas sus vivencias y sus más íntimos secretos14aANA FRANKd1929-1945vDIARIOS ÍNTIMOS964687 4aHolocausto judioy1939-1945zPaíses Bajos, AmsterdamvDIARIOS964688 4aJudeuszPaíses Bajos964689 0a Guerra Mundial, 1939-1945913822 4aPaíses BajosxHistoria, Ocupación Alemana,y1940-1945964690 aValidado. Control de calidad MFF 0010718PDaPDbPDcHDd2013-04-08iLF1l0o949.2 F828dip38325-10r2020-06-25w2020-06-25yLFPDZNo se presta c37815d37815